000 01226nam a22003857a 4500
003 CHAP
005 20220817044354.0
008 100909s20097 it a rn 00010 eng d
010 _a99236
011 _a100208
020 _a9789251063873
035 _a110894
040 _cCHAP
082 0 4 _a639.2
_bF3y v.529
110 2 _aFAO
245 1 0 _aIntegrated mariculture :
_ba global review
_c/editado by Doris Soto
260 _aRome :
_bFAO,
_c2009
300 _aviii, 183 p. :
_gilus., gráfs., tablas
490 0 _aDocumento técnico de pesca
_v; 529
590 _aBATCH-UPD
_b10
_c20130110
_lUCH01
_h1106
590 _aBATCH-UPD
_b10
_c20130410
_lUCH01
_h0658
590 _aBATCH-UPD
_b10
_c20130914
_lUCH01
_h1216
590 _aCONVERSION
_b10
_c20130109
_lUCH01
_h1355
650 1 4 _aAcuicultura.
_9758
650 1 4 _aEcosistema.
_935290
650 1 4 _aIntegración.
_959498
650 1 4 _aPesca costera.
_987436
650 1 4 _aPesca sostenible.
_987440
650 1 4 _aPolítica ambiental.
_990422
700 1 _aSoto, Doris
_e, ed.
_9108929
830 0 0 _aDocumento técnico de pesca
_v; 529
_933242
901 _aBK
942 _cLIBRO
949 _a639.2 F3y v.529
_bBC
_cFAO
_d33724002167363
_eFAO1
_gDonaciØn
_h113414
_i110894
_sb
999 _c99236
_d99236